<?xml version="1.0" encoding="UTF-8"?>
<record
    xmlns:xsi="http://www.w3.org/2001/XMLSchema-instance"
    xsi:schemaLocation="http://www.loc.gov/MARC21/slim http://www.loc.gov/standards/marcxml/schema/MARC21slim.xsd"
    xmlns="http://www.loc.gov/MARC21/slim">

  <leader>01221nam a22002537a 4500</leader>
  <controlfield tag="005">20090905141011.0</controlfield>
  <controlfield tag="008">090905t        xxu||||| |||| 00| 0 hin d</controlfield>
  <datafield tag="010" ind1=" " ind2=" ">
    <subfield code="a">B-357209</subfield>
  </datafield>
  <datafield tag="020" ind1=" " ind2=" ">
    <subfield code="a">9788190274296</subfield>
    <subfield code="c">150.00</subfield>
  </datafield>
  <datafield tag="035" ind1=" " ind2=" ">
    <subfield code="a">B-357209</subfield>
  </datafield>
  <datafield tag="037" ind1=" " ind2=" ">
    <subfield code="b">DBAD / PUB</subfield>
  </datafield>
  <datafield tag="040" ind1=" " ind2=" ">
    <subfield code="a">dpl</subfield>
    <subfield code="b">hn</subfield>
  </datafield>
  <datafield tag="082" ind1=" " ind2=" ">
    <subfield code="a">649.1</subfield>
  </datafield>
  <datafield tag="100" ind1=" " ind2=" ">
    <subfield code="a">&#x905;&#x930;&#x935;&#x93F;&#x928;&#x94D;&#x926; &#x915;&#x941;&#x92E;&#x93E;&#x930; </subfield>
  </datafield>
  <datafield tag="245" ind1=" " ind2=" ">
    <subfield code="a">&#x91B;&#x94B;&#x91F;&#x93E; &#x92C;&#x91A;&#x94D;&#x91A;&#x93E;-&#x909;&#x924;&#x94D;&#x924;&#x92E; &#x906;&#x939;&#x930; &#x90F;&#x935;&#x902; &#x906;&#x901;&#x916;&#x94B;&#x902; &#x915;&#x940; &#x926;&#x947;&#x916;&#x92D;&#x93E;&#x932;&#x903;</subfield>
    <subfield code="b">&#x915;&#x93E;&#x930;&#x923; &#x90F;&#x935;&#x902; &#x92C;&#x91A;&#x93E;&#x935; /</subfield>
    <subfield code="c">&#x905;&#x930;&#x935;&#x93F;&#x928;&#x94D;&#x926; &#x915;&#x941;&#x92E;&#x93E;&#x930; </subfield>
  </datafield>
  <datafield tag="246" ind1=" " ind2=" ">
    <subfield code="b">by Arvind Kumar </subfield>
  </datafield>
  <datafield tag="260" ind1=" " ind2=" ">
    <subfield code="a">&#x926;&#x93F;&#x932;&#x94D;&#x932;&#x940;</subfield>
    <subfield code="b">&#x932;&#x915;&#x94D;&#x937;&#x94D;&#x92F; &#x938;&#x93E;&#x939;&#x93F;&#x924;&#x94D;&#x92F; </subfield>
    <subfield code="c">2009</subfield>
  </datafield>
  <datafield tag="270" ind1=" " ind2=" ">
    <subfield code="a">&#x90F;&#x928;-66, &#x917;&#x932;&#x940; &#x928;&#x902;.4, &#x928;&#x935;&#x940;&#x928; &#x936;&#x93E;&#x939;&#x926;&#x930;&#x93E;</subfield>
    <subfield code="b">&#x926;&#x93F;&#x932;&#x94D;&#x932;&#x940;</subfield>
    <subfield code="e">110032 </subfield>
  </datafield>
  <datafield tag="300" ind1=" " ind2=" ">
    <subfield code="a">48&#x92A;&#x943;.</subfield>
    <subfield code="c">24&#x938;&#x947;&#x92E;&#x940; (&#x938;&#x91C;&#x93F;&#x932;&#x94D;&#x926;) </subfield>
    <subfield code="b">&#x938;&#x91A;&#x93F;&#x924;&#x94D;&#x930;</subfield>
  </datafield>
  <datafield tag="650" ind1=" " ind2=" ">
    <subfield code="a">&#x92C;&#x93E;&#x932; &#x905;&#x928;&#x941;&#x930;&#x915;&#x94D;&#x937;&#x923;</subfield>
  </datafield>
  <datafield tag="650" ind1=" " ind2=" ">
    <subfield code="a">Child rearing </subfield>
  </datafield>
  <datafield tag="942" ind1=" " ind2=" ">
    <subfield code="2">ddc</subfield>
    <subfield code="c">CH</subfield>
    <subfield code="h">649.1</subfield>
    <subfield code="m">&#x905;&#x930;&#x935;&#x93F;</subfield>
  </datafield>
  <datafield tag="999" ind1=" " ind2=" ">
    <subfield code="c">30057</subfield>
    <subfield code="d">30057</subfield>
  </datafield>
  <datafield tag="952" ind1=" " ind2=" ">
    <subfield code="0">0</subfield>
    <subfield code="1">0</subfield>
    <subfield code="2">ddc</subfield>
    <subfield code="4">0</subfield>
    <subfield code="7">0</subfield>
    <subfield code="8">NFIC</subfield>
    <subfield code="a">JP</subfield>
    <subfield code="b">JP</subfield>
    <subfield code="d">2009-09-05</subfield>
    <subfield code="e">DBAD / PUB </subfield>
    <subfield code="g">150.00</subfield>
    <subfield code="l">37</subfield>
    <subfield code="o">649.1 &#x905;&#x930;&#x935;&#x93F;</subfield>
    <subfield code="p">B-357209</subfield>
    <subfield code="r">2018-06-27 00:00:00</subfield>
    <subfield code="s">2011-01-07</subfield>
    <subfield code="t">1</subfield>
    <subfield code="v">150.00</subfield>
    <subfield code="w">2009-09-05</subfield>
    <subfield code="y">CH</subfield>
  </datafield>
</record>
